Diario del año de la peste

Saved in:
Bibliografiske detaljer
Hovedforfatter: Defoe, Daniel (Author)
Format: Bog
Sprog:spansk
Udgivet: Bogotá Oveja Negra 1985
Udgivelse:1a. ed
Fag:
Tags: Tilføj Tag
Ingen Tags, Vær først til at tagge denne postø!

MARC

LEADER 00000nam a2200000 a 4500
001 UCK8078
003 CL-VaPUC
008 060113e19850000CK |||||||||||||||||spa|d
020 |a 8482809822 
082 0 4 |a 823  |b DEF  |2 21 
100 |a Defoe, Daniel   |e author  |9 338739 
245 1 0 |a Diario del año de la peste 
250 |a 1a. ed 
300 |a 213 p 
942 |c BK 
945 |d 20060113 00:00:00  |a cmena 
260 |a Bogotá  |b Oveja Negra  |c 1985 
650 0 |a Novelas inglesas  |9 265220 
650 0 |a Literatura inglesa  |9 312907 
583 |a last modification  |c 20060113 00:00:00  |k Rodrigo Vera 
999 |c 315902  |d 315900 
952 |0 0  |1 0  |4 0  |6 823_000000000000000_DEF_1985  |7 0  |8 A  |9 389762  |a BIBART  |b BIBART  |d 2019-11-22  |i 4202864  |o 823 DEF 1985  |p 4202864  |r 2025-03-13  |w 2019-11-22  |y BK  |k ART